000 00860nam2a22002051 4500
001 RU\NLR\A1SV\80921
005 20251203152403.2
035 _a(NLR Aleph) 009762362
090 _a13483443
_c13483443
100 _a20070712d1927 u y0rusy50 ca
101 0 _arus
200 0 _aТ.2
_fПер. с нем. В. и С. Цедербаум
210 _d1927
215 _a294, [2] с.
461 1 _1001RU\NLR\A1SV\80780
_12000#$aИстория американских миллиардеров$fГустав Майерс$gПер. с нем. С.О.Цедербаум$vТ.2
_1700#1$aМайерс$bГ.$gГустав
_910023476
_aМайерс, Г.
_cМ.
_d1924-1927
_fГустав Майерс
_nГос. изд.
_tИстория американских миллиардеров
_vТ.2
801 0 _aRU
_bNLR
_c20070712
942 _cBOOK
980 _aA1SV
980 _aNB